1071 1289 1902 1274 1644 1540 1000 1758 1518 1417 1647 1721 1183 1945 1560 1626 1625 1202 1487 1689 1417 1430 1209 1446 1172 1720 1355 1001 1181 1799 1801 1373 1340 1952 1052 1959 1870 1888 1576 1807 1196 1567 1967 1089 1515 1889 1313 1741 1837 1481 1333 1359 1829 1282 1581 1153 1614 1328 1289 1728 1306 1119 1878 1272 1552 1603 1194 1087 1208 1428 1458 1565 1301 1653 1311 1395 1997 1235 1375 1588 1262 1813 1151 1479 1269 1149 1487 1800 1608 1379 1833 1535 1289 1704 1278 1591 1482 1997 1303 BCNSPRNW ULIB Ver.6.0+V

เปลี่ยนเป็นภาษาไทย

Change to English
 แสดงรายละเอียดบรรณานุกรม
  กลับหน้าหลัก

Brief Record : Get Marc (ISO 2709) : E-mail record : QR code < ปิดหน้าต่าง
LEADER : 00000nam 2200000uu 4500
001    13399111601
003     ULIB
008    110627s||||||||th 000 0 tha d
020    9786167081571
090    นว.^bบ826ส 2553
100 0  เบลล์ซาซ่า
245 00 เสน่ห์ร้อนลิขิตรัก/^cเบลล์ซาซ่า
250    พิมพ์ครั้งที่ 1
260    กรุงเทพฯ :^bสมาร์ทบุ๊ค,^c2553
300    432 หน้า
945    ^p280^l0^i028038
995    ทศพร
999 ^a ใช้งานได้ทุกระบบ
รายการนี้ยังไม่มีแท็ก
คุณยังไม่ได้ล็อกอิน คุณสามารถมีกิจกรรมร่วมกับเว็บไซต์ได้ แต่ต้องล็อกอินก่อน ::
  ล็อกอิน

รายการสื่อสารสนเทศ

ลำดับที่ ประเภท เลขเรียก/บาร์โค้ด สถานที่ สถานะ
- ไม่พบข้อมูล -

รายการใกล้เคียง
    ผู้แต่ง [เบลล์ซาซ่า]

BibComment


ยังไม่เคยถูกคอมเมนท์

คอมเมนท์ทรัพยากรรายการนี้
  คอมเมนท์: เสน่ห์ร้อนลิขิตรั..


 Copyright 2026. Bcnsprnw @Library